Colección de poesias selectas castellanas / (Record no. 184699)
[ view plain ]
| 000 -LEADER | |
|---|---|
| campo de control de longitud fija | 00505nam a2200157 i 4500 |
| 001 - NÚMERO DE CONTROL | |
| campo de control | 184699 |
| 003 - IDENTIFICADOR DE NÚMERO DE CONTROL | |
| campo de control | ES-MaACL |
| 005 - FECHA Y HORA DE LA ÚLTIMA TRANSACCIÓN | |
| campo de control | 20250725232357.0 |
| 008 - DATOS DE LONGITUD FIJA--INFORMACIÓN GENERAL | |
| campo de control de longitud fija | 151116s1854 sp |||| | spa d |
| 245 00 - MENCIÓN DEL TÍTULO | |
| Título | Colección de poesias selectas castellanas / |
| Mención de responsabilidad, etc. | compiladas por D. José Aguilera y Lopez. |
| 260 ## - PUBLICACIÓN, DISTRIBUCIÓN, ETC. | |
| Lugar de publicación, distribución, etc. | Granada : |
| Nombre del editor, distribuidor, etc. | [s.n.], |
| Fecha de publicación, distribución, etc. | 1854 ( |
| Fabricante | Imp. de Francisco Ventura) |
| 300 ## - DESCRIPCIÓN FÍSICA | |
| Extensión | 250 p. ; |
| Dimensiones | 17 cm. |
| 650 #7 - PUNTO DE ACCESO ADICIONAL DE MATERIA--TÉRMINO DE MATERIA | |
| Término de materia o nombre geográfico como elemento de entrada | Poesías españolas |
| Fuente del encabezamiento o término | embne |
| 9 (RLIN) | 16214 |
| 852 ## - LOCALIZACIÓN | |
| Ubicación | ES-MaACL |
| Número de control de estantería | C-3521 |
| Estatus retirado | Estado de pérdida | Estado de daño | No para préstamo | Colección | Biblioteca de origen | Biblioteca actual | Ubicación en estantería | Fecha de adquisición | Fuente de adquisición | Total de préstamos | Signatura topográfica completa | Código de barras | Visto por última vez | Precio de reemplazo | Tipo de ítem Koha |
|---|---|---|---|---|---|---|---|---|---|---|---|---|---|---|---|
| Libros del s. XIX | Biblioteca del Ateneo de Madrid | Biblioteca del Ateneo de Madrid | Sala Palomar | 16/11/2015 | C-3521 | 1194468 | 23/02/2023 | 23/02/2023 | Libro impreso antiguo |
